|
|
|
|
| LEADER |
00000nab a2200000 ar4500 |
| 001 |
vtls009310885 |
| 003 |
SK-MaSNL |
| 005 |
20260304033545.0 |
| 008 |
180911c2008 xo cr|p|||||||000 b|slo |
| 038 |
|
|
|a PPPK
|
| 040 |
|
|
|a PPPKCL
|b slo
|c PPPK
|e AACR2
|
| 041 |
0 |
|
|a slo
|
| 044 |
|
|
|a xo
|c SK
|
| 080 |
|
|
|a 796.51:625.711.6
|x (234.372.4)
|2 2001
|
| 080 |
|
|
|a 712.36:7258.538
|x (234.372.4)
|2 2001
|
| 080 |
|
|
|a 351.811.111.3
|x (234.372.4)
|2 2001
|
| 245 |
0 |
0 |
|a Chodník na Sliezsky dom poškodený
|c [autor] (lbu)
|
| 610 |
2 |
7 |
|a Sliezsky dom (Vysoké Tatry, Slovensko)
|2 pppkcl
|9 55569
|
| 650 |
0 |
7 |
|a turistické chodníky
|2 SNKPH
|9 71065
|
| 650 |
0 |
7 |
|a horské chaty
|2 snkbucl
|9 98865
|
| 650 |
0 |
7 |
|a poškodenie
|2 SNKPH
|9 532535
|
| 651 |
|
7 |
|a Vysoké Tatry (Poľsko a Slovensko : pohorie)
|2 SNKPHgeo
|9 67729
|
| 773 |
0 |
|
|t Poprad : noviny občanov mesta
|g Roč. XIX, č. 41 (2008), s. 2
|
| 852 |
|
|
|a PPPK
|b KIS3GCP
|
| 999 |
|
|
|c 2648721
|d 2650651
|